| 000 | 00589nam a2200169 i 4500 | ||
|---|---|---|---|
| 001 | 42099 | ||
| 003 | ES-MaACL | ||
| 005 | 20230906160540.0 | ||
| 007 | t| | ||
| 008 | 030312s1966 sp ||||1| spa d | ||
| 100 | 1 |
_aCastán Vázquez, José María. _936393 |
|
| 245 | 1 | 3 |
_aLa sucesión forzosa del cónyuge viudo en el derecho chileno / _cpor José María Castán Vázquez. |
| 260 |
_aMadrid : _bInstituto Nacional de Estudios Jurídicos, _c1966. |
||
| 300 |
_a7 h. ; _c24 cm. |
||
| 500 | _aEs separata de: Anuario de derecho civil. P. 829-841. | ||
| 852 |
_aES-MaACL _j2057-F-13 _bR.62749 |
||
| 999 |
_c42099 _d42099 |
||